banner-ar

THE METHUEN AUDITION BOOK FOR YOURG ACTORS / (Record no. 12071)

MARC details
000 -الفاتح
حقل البيانات ثابتة الطول 00474nam a2200181Ia 4500
008 - عناصر البيانات ثابتة الطول - معلومات عامة
حقل البيانات ثابتة الطول 140319s9999 xx 000 0 eng d
040 ## - مصدر الفهرسة
وكالة الفهرسة الأصلية GCL /
وكالة النسخ GCL
082 04 - رقم تصنيف ديوى العشرى
رقم التصنيف 792.028
رقم المادة H M
100 1# - المدخل الرئيسى - إسم شخصى
الإسم الشخصى HAWEY,ANNE
245 10 - بيان العنوان
العنوان THE METHUEN AUDITION BOOK FOR YOURG ACTORS /
بيان المسئوليه,etc HAWEY,ANNE
260 ## - PUBLICATION, DISTRIBUTION, ETC. (IMPRINT)
تاريخ النشر أو التوزيع 1993
300 ## - الوصف المادى
التعداد 171P
650 04 - المدخل الاضافى بالموضوع-مصطلح موضوعى
مصطلح موضوعي YOUNG ACTORS - ACTORSS
650 04 - المدخل الاضافى بالموضوع-مصطلح موضوعى
مصطلح موضوعي ACTING IN SCHOOL
650 04 - المدخل الاضافى بالموضوع-مصطلح موضوعى
مصطلح موضوعي AUDITION
942 ## - عناصر المدخل الإضافي( كوها)
مصدر التصنيف او مخطط الترفيف Dewey Decimal Classification
Koha [default] item type كتاب
260 ## - PUBLICATION, DISTRIBUTION, ETC. (IMPRINT)
-- [S.N] :
-- METHUER DRAMA ،
Holdings
حالة التراجع حالة الفقد حالة تلف ليس للاعارة المكان المؤقت الموقع الحالى تاريخ الاكتساب اجمالي اﻻعارات رقم الطلب الباركود تاريخ اخر مشاهدة تاريخ تفعيل السعر نوع وعاء كوها
        مكتبة القاهرة الكبرى مكتبة القاهرة الكبرى 03/26/2014   792.028\H M 23644 03/26/2014 03/26/2014 كتاب
        مكتبة القاهرة الكبرى مكتبة القاهرة الكبرى 03/26/2014   792.028\H M 23645 03/26/2014 03/26/2014 كتاب

Powered By

EGPV